|
|
|
|
| LEADER |
01689nam a2200313 a 4500 |
| 001 |
3556978 |
| 003 |
BD-DhAAL |
| 005 |
20221208122433.0 |
| 008 |
091029s1997 bg b b 000 0 eng d |
| 999 |
|
|
|c 5410
|d 5410
|
| 010 |
|
|
|a 97903166
|
| 020 |
|
|
|a 9843002514
|
| 040 |
|
|
|a DLC
|c DLC
|d BD-DhAAL
|
| 082 |
0 |
0 |
|a 341.395492
|2 21
|
| 245 |
0 |
0 |
|a Political economy of the Vested Property Act in rural Bangladesh /
|c Abu Barkat ... [et al.].
|
| 260 |
|
|
|a Dhaka :
|b Association for Land Reform and Development,
|c 1997.
|
| 300 |
|
|
|a xix, 189 pages :
|b map ;
|c 24 cm.
|
| 504 |
|
|
|a Includes bibliographical references (p. [187]-189).
|
| 541 |
1 |
|
|a Donated by Akbar Ali Khan
|e 00011123, 40043
|
| 650 |
|
0 |
|a Enemy property.
|9 52769
|
| 650 |
|
0 |
|a Alien property
|z Bangladesh.
|9 52770
|
| 700 |
1 |
|
|a Barkat, Abul.
|9 52771
|
| 710 |
2 |
|
|a Association for Land Reform and Development.
|9 52772
|
| 852 |
4 |
|
|a Ayesha Abed Library
|j General Shelf
|
| 942 |
|
|
|2 ddc
|c BK
|
| 952 |
|
|
|0 0
|1 0
|2 ddc
|4 0
|6 341_395492000000000_POL_1997
|7 0
|9 5281
|a BRACUL
|b BRACUL
|c GEN
|d 2009-11-11
|g 250.00
|l 3
|m 13
|o 341.395492 POL
|p 3010011123
|r 2018-09-24
|s 2018-07-22
|t 1
|v 500.00
|w 2009-11-11
|y BK
|
| 952 |
|
|
|0 0
|1 0
|2 ddc
|4 0
|6 341_395492000000000_POL
|7 0
|9 42970
|a SCL
|b SCL
|c GEN
|d 1998-11-28
|g 250.00
|l 0
|o 341.395492 POL
|p 3020001148
|r 2014-07-07
|t 2
|w 2014-07-07
|y BK
|
| 952 |
|
|
|0 0
|1 0
|2 ddc
|4 0
|6 341_395492000000000_POL
|7 0
|9 53448
|a SCL
|b SCL
|c GEN
|d 2015-04-15
|g 560.00
|l 1
|m 2
|o 341.395492 POL
|p 3020004226
|r 2023-08-26
|s 2023-07-27
|t 3
|w 2015-04-15
|y BK
|
| 952 |
|
|
|0 0
|1 0
|2 ddc
|4 0
|6 341_395492000000000_POL
|7 1
|9 72455
|a BRACUL
|b BRACUL
|c CS1
|d 2022-12-08
|e Donated by Akbar Ali Khan
|g 250.00
|l 0
|o 341.395492 POL
|p 3010040043
|r 2022-12-08
|t 4
|v 250.00
|w 2022-12-08
|y BK
|x Price available in book.
|